Κριτικά

Αποθηκεύτηκε σε:
Λεπτομέρειες βιβλιογραφικής εγγραφής
Κύριος συγγραφέας: Άγρας, Τέλλος, 1899-1944
Μορφή: Βιβλίο
Γλώσσα:Greek
Δημοσίευση: Αθήνα : Ερμής, 1980-1984
Σειρά:Φιλολογική βιβλιοθήκη = 1980 ; ; 4
Θέματα:
Ετικέτες: Προσθήκη ετικέτας
Δεν υπάρχουν, Καταχωρήστε ετικέτα πρώτοι!

MARC

LEADER 00000nam a2200000 i 4500
001 1/88757
008 930911m19801984 gre d
035 |a 1990  |b 1  |c Αγορά/Αναγνωστοπούλου  |l 10035579 
040 |a GR-MY-UA  |b gre  |e aacr 
041 0 |a gre 
082 0 |a 889.09 
100 1 |a Άγρας, Τέλλος,   |d 1899-1944. 
245 1 0 |a Κριτικά /  |c Τέλλος Αγρας ; φιλολογική επιμέλεια Κώστας Στεργιόπουλος 
260 |a Αθήνα :   |b Ερμής,   |c 1980-1984 
300 |a 3 τ. 
490 1 |a Φιλολογική βιβλιοθήκη  |v ; 4 
505 0 |a τ.1: Καβάφης - Παλαμάς. - τ.2: Ποιητικά πρόσωπα και κείμενα. - τ.3: Μορφές και κείμενα της πεζογραφίας 
600 1 0 |a Παλαμάς, Κωστής,   |d 1859-1943. 
600 1 0 |a Καβάφης, Κωνσταντίνος Π.,   |d 1863-1933. 
650 0 0 |a Greek literature  |x History and criticism. 
650 0 0 |a Greek fiction  |x History and criticism. 
650 0 0 |a Greek poetry  |x History and criticism. 
740 0 2 |a Καβάφης - Παλαμάς 
740 0 2 |a Ποιητικά πρόσωπα και κείμενα 
740 0 2 |a Μορφές και κείμενα της πεζογραφίας 
830 0 |a Φιλολογική βιβλιοθήκη = 1980 ;  |v ; 4 
852 |a INST  |b RHODES  |e 19930911  |h 889.09 ΑΓΡ  |p 005400002962  |q 005400002962  |t BK  |y 0  |z τ.1 
852 |a INST  |b RHODES  |e 19930911  |h 889.09 ΑΓΡ  |p 005400002963  |q 005400002963  |t BK  |y 0  |z τ.2 
852 |a INST  |b RHODES  |e 19930911  |h 889.09 ΑΓΡ  |p 005400002964  |q 005400002964  |t BK  |y 0  |z τ.3 
852 |a INST  |b RHODES  |e 19930911  |h 889.09 ΑΓΡ  |p 005400002962  |q 005400002962  |t BK  |v τ.1:  |y 0  |z τ.1 
852 |a INST  |b RHODES  |e 19930911  |h 889.09 ΑΓΡ  |p 005400002963  |q 005400002963  |t BK  |v τ.2:  |y 0  |z τ.2 
852 |a INST  |b RHODES  |e 19930911  |h 889.09 ΑΓΡ  |p 005400002964  |q 005400002964  |t BK  |v τ.3:  |y 0  |z τ.3 
853 |a INST  |b RHODES  |h 889.09 ΑΓΡ 
909 |a Ρ  |b 015846  |c 1990 
909 |a Ρ  |b 015847  |c 1990 
909 |a Ρ  |b 015848  |c 1990